000 00448nam a2200169 a 4500
001 2096
005 20140414131923.0
008 001113s19uu xx 00 eng d
050 _aER
_bT22
100 _aBarber, Terry
245 _aTeezles and the snow rabbit (The) /
_cTerry Barber.
260 _aBridlington, Eng. :
_bPeter Haddock.
300 _a16 p. ; cm.
650 _aRabbits
_xStories.
650 _aRabits
_xFictions.
999 _c111876
_d111876